00712nam a2200205 i 450000500170000000800410001704000270005804100080008508200160009310000290010924501520013826000460029030000260033665000250036265000150038765000260040265000300042865000200045865000280047820191224041609.0140303b1999 ne ||||| |||| 00| 0 eng d aCO-BoIAVH cCO-BoIAVH 0 aeng04a577.3bT62m1 aTobón Marín, Conrado aMonitoring and modelling hydrological fluxes in support of nutrient cycling studies in Amazonian rain forest ecosystems /cConrado Tobón Marín. aWageningen :bStichting Tropenbos,c1999. a169 páginasc23 cm.14aVigilancia ambiental24aEcología24aEcología de bosques24aEcología de ecosistemas24aEcofisiología24aEcofisiología vegetal